• 首页
  • 本馆介绍
  • 公告通知
  • 最新文献
  • 馆藏检索
  • 电子资源
  • 读者导购
  • 参考咨询
  • 我的图书馆
  • 登录
  • 详细信息显示
  • 放入我的书架
  • 预约/预借图书
  • 作者相关作品
  • 分类相关作品
  • 丛书相关作品
  • 出版社相关作品

书目信息

  • 表格格式
  • 工作单格式
  • 卡片格式
题名:
线性代数与几何
    
 
作者: 郑莉芳 , 申思远 , 荣建华 主编
分册:  
出版信息: 北京   中国铁道出版社  2016
页数: 163页
开本: 23cm
丛书名:
单 册:
中图分类: O151.2 , O182
科图分类:
主题词: 线性代数--高等学校--教材 , 解析几何--高等学校--教材
电子资源:
ISBN: 978-7-113-21188-2
000 01044nam0 2200313 450
001 2356538802
005 20231130154234.11
010    @a978-7-113-21188-2@dCNY25.00
090    @aO151@bzlf
096    @aO151@bzlf
100    @a20160407d2016 em y0chiy0120 ea
101 0  @achi
102    @aCN@b110000
105    @aa z 000yy
200 1  @a线性代数与几何@9xian xing dai shu yu ji he@e独立院校用@f郑莉芳,申思远,荣建华主编
210    @a北京@c中国铁道出版社@d2016
215    @a163页@c图@d23cm
300    @a普通高等学校“十三五”规划教材
314    @a封面责任者误题:郑丽芳
330    @a本书内容包括:行列式、矩阵、向量空间、线性方程组、矩阵的特征值与特征向量、二次型、空间解析几何。
606 0  @a线性代数@x高等学校@j教材
606 0  @a解析几何@x高等学校@j教材
690    @aO151.2@v5
690    @aO182@v5
701  0 @a郑莉芳@9zheng li fang@c(女,@f1982~)@4主编
701  0 @a申思远@9shen si yuan@c(数学)@4主编
701  0 @a荣建华@9rong jian hua@c(数学)@4主编
801  2 @aCN@b58marc.cn@c20170707
905    @aBZT@dO151.2@e15
    
    线性代数与几何:独立院校用/郑莉芳,申思远,荣建华主编.-北京:中国铁道出版社,2016
    163页:图;23cm
    普通高等学校“十三五”规划教材
    
    ISBN 978-7-113-21188-2:CNY25.00
    本书内容包括:行列式、矩阵、向量空间、线性方程组、矩阵的特征值与特征向量、二次型、空间解析几何。
●
相关链接 在五车中查询图书 在当当中查询图书 在豆瓣中查询图书


正题名:线性代数与几何     索取号:O151.2/15         预约/预借

序号 登录号 条形码 馆藏地/架位号 状态 备注
1 2001241607   2001241607   中教(第二批第二书库)/山东中教(第二批)/2566/ [索取号:O151.2/15] 在馆    
2 2001241608   2001241608   中教(第二批第二书库)/山东中教(第二批)/2566/ [索取号:O151.2/15] 在馆    
3 2001241609   2001241609   中教(第二批第二书库)/山东中教(第二批)/2566/ [索取号:O151.2/15] 在馆    
4 2001241610   2001241610   中教(第二批第二书库)/山东中教(第二批)/2566/ [索取号:O151.2/15] 在馆    
5 2001241611   2001241611   中教(第二批第二书库)/山东中教(第二批)/2566/ [索取号:O151.2/15] 在馆    
6 2001241612   2001241612   中教(第二批第二书库)/山东中教(第二批)/2566/ [索取号:O151.2/15] 在馆    
7 2001241613   2001241613   中教(第二批第二书库)/山东中教(第二批)/2566/ [索取号:O151.2/15] 在馆    
8 2001241614   2001241614   中教(第二批第二书库)/山东中教(第二批)/2566/ [索取号:O151.2/15] 在馆    
9 2001241615   2001241615   中教(第二批第二书库)/山东中教(第二批)/2566/ [索取号:O151.2/15] 在馆    
10 2001241616   2001241616   中教(第二批第二书库)/山东中教(第二批)/2566/ [索取号:O151.2/15] 在馆    
11 2001241617   2001241617   中教(第二批第二书库)/山东中教(第二批)/2566/ [索取号:O151.2/15] 在馆    
12 2001241618   2001241618   中教(第二批第二书库)/山东中教(第二批)/2566/ [索取号:O151.2/15] 在馆    
13 2001241619   2001241619   中教(第二批第二书库)/山东中教(第二批)/2566/ [索取号:O151.2/15] 在馆    
14 2001241620   2001241620   中教(第二批第二书库)/山东中教(第二批)/2566/ [索取号:O151.2/15] 在馆    
15 2001241621   2001241621   中教(第二批第二书库)/山东中教(第二批)/2566/ [索取号:O151.2/15] 在馆    
16 2001241622   2001241622   中教(第二批第二书库)/山东中教(第二批)/2566/ [索取号:O151.2/15] 在馆    
17 2001241623   2001241623   中教(第二批第二书库)/山东中教(第二批)/2566/ [索取号:O151.2/15] 在馆    
18 2001241624   2001241624   中教(第二批第二书库)/山东中教(第二批)/2566/ [索取号:O151.2/15] 在馆    
19 2001241625   2001241625   中教(第二批第二书库)/山东中教(第二批)/2566/ [索取号:O151.2/15] 在馆    
20 2001241626   2001241626   中教(第二批第二书库)/山东中教(第二批)/2566/ [索取号:O151.2/15] 在馆    
21 2001241627   2001241627   中教(第二批第二书库)/山东中教(第二批)/2566/ [索取号:O151.2/15] 在馆    
22 2001241628   2001241628   中教(第二批第二书库)/山东中教(第二批)/2566/ [索取号:O151.2/15] 在馆    
23 2001241629   2001241629   中教(第二批第二书库)/山东中教(第二批)/2566/ [索取号:O151.2/15] 在馆    
24 2001241630   2001241630   中教(第二批第二书库)/山东中教(第二批)/2566/ [索取号:O151.2/15] 在馆    
25 2001241631   2001241631   中教(第二批第二书库)/山东中教(第二批)/2566/ [索取号:O151.2/15] 在馆    
26 2001241632   2001241632   中教(第二批第二书库)/山东中教(第二批)/2566/ [索取号:O151.2/15] 在馆    
27 2001241633   2001241633   中教(第二批第二书库)/山东中教(第二批)/2566/ [索取号:O151.2/15] 在馆    
28 2001241634   2001241634   中教(第二批第二书库)/山东中教(第二批)/2566/ [索取号:O151.2/15] 在馆    
29 2001241635   2001241635   中教(第二批第二书库)/山东中教(第二批)/2566/ [索取号:O151.2/15] 在馆    
30 2001241636   2001241636   中教(第二批第二书库)/山东中教(第二批)/2566/ [索取号:O151.2/15] 在馆    
山东省滨州职业学院图书馆 欢迎您!
大连网信软件有限公司© 版权所有